BIBLIOTECA

SENCICO

Plan piloto de Lima. 1949 : (Registro nro. 4286)

Detalles MARC
000 -LEADER
fixed length control field 01009nam a22002777a 4500
003 - CONTROL NUMBER IDENTIFIER
control field PE SENCICO BE
005 - DATE AND TIME OF LATEST TRANSACTION
control field 20251020182641.0
008 - FIXED-LENGTH DATA ELEMENTS--GENERAL INFORMATION
fixed length control field 230821b |||||||| |||| 00| 0 eng d
020 ## - INTERNATIONAL STANDARD BOOK NUMBER
International Standard Book Number 978-9972-794-29-2
040 ## - CATALOGING SOURCE
Original cataloging agency PE SENCICO BE
Transcribing agency PE SENCICO BE
041 ## - LANGUAGE CODE
Language code of text/sound track or separate title spa
082 ## - DEWEY DECIMAL CLASSIFICATION NUMBER
Classification number 711.40985
Item number O74
100 1# - MAIN ENTRY--PERSONAL NAME
9 (RLIN) 1407
Personal name Ortiz Agama, Robinson
Relator term autor
245 1# - TITLE STATEMENT
Title Plan piloto de Lima. 1949 :
Remainder of title significación histórica de una vieja utopía /
Statement of responsibility, etc. Robinson Ortiz Agama
250 ## - EDITION STATEMENT
Edition statement 1a ed.
260 ## - PUBLICATION, DISTRIBUTION, ETC.
Place of publication, distribution, etc. Lima :
Name of publisher, distributor, etc. Iniversidad Nacional de Ingeniería, Fondo editorial :
-- Universidad Nacional de Ingeniería, Facultad de Arquitectura, Urbanismo y Artes;
Date of publication, distribution, etc. 2018
300 ## - PHYSICAL DESCRIPTION
Extent xxv, 553 páginas :
Other physical details ilustraciones ;
Dimensions 24 cm.
504 ## - BIBLIOGRAPHY, ETC. NOTE
Bibliography, etc. note Bibliografía: p. 469-516.
650 10 - SUBJECT ADDED ENTRY--TOPICAL TERM
9 (RLIN) 78
Topical term or geographic name entry element Urbanismo
650 20 - SUBJECT ADDED ENTRY--TOPICAL TERM
9 (RLIN) 528
Topical term or geographic name entry element Planificación urbana
650 20 - SUBJECT ADDED ENTRY--TOPICAL TERM
9 (RLIN) 1318
Topical term or geographic name entry element Desarrollo urbano
650 20 - SUBJECT ADDED ENTRY--TOPICAL TERM
9 (RLIN) 76
Topical term or geographic name entry element Historia urbana
651 10 - SUBJECT ADDED ENTRY--GEOGRAPHIC NAME
9 (RLIN) 1382
Geographic name Lima (Perú : Departamento)
910 ## - USER-OPTION DATA (OCLC)
-- hfp
-- hfp
942 ## - ADDED ENTRY ELEMENTS (KOHA)
Source of classification or shelving scheme Dewey Decimal Classification
Koha item type Libros
Existencias
Fecha de la última vez que lo usaron Número de ingreso o de inventario Pago total Signatura topográfica completa Precio efectivo desde Tipo de documento Estado perdido Sistema de clasificación Estado dañado No es para préstamo Retirado Ubicación permanente Ubicación actual Fecha de adquisición Fuente de adquisición
22/08/2023 16648   711.40985/O74 22/08/2023 Libros   Dewey Decimal Classification       Biblioteca Central Lima Biblioteca Central Lima 14/08/2023 Comprado de la librería Megabook